deaths in horror movies - Statistics

General Stats
  • This quiz has been taken 1,140 times
  • The average score is 11 of 21
Answer Stats
death film % Correct
woman is stabbed and killed after answering three questions over the phone incorrectly scream
96%
girl is killed in own bedroom by having her chest slashed open by four sharp fingers a nightmare on elm street
93%
mans chest explodes when something in the salad doesnt agree with him alien
85%
boy has his arm bitten off before being dragged into a sewer it
85%
man is found frozen in a hotel maze the shining
79%
sister is killed when brother kills her with a kitchen knife halloween
78%
man slips and falls into monsters mouth after boat is destroyed jaws
75%
man is forced to jump out of a window after realising that it's the only way to save a possessed girl the exorcist
71%
girl is killed over and over by man in a baby mask happy death day
65%
girl is decapitated after sticking head out of speeding car window to try and get air hereditary
57%
man takes his own life by screaming and alerting monsters to save his children a quiet place
54%
woman hangs herself because she believes it will please a demon boy the omen
48%
mans hands are bitten off by an alien chest the thing
48%
mans head is split into segements by lasers after failing to escape head trap jigsaw
41%
woman is dismembered by old friend with an axe after being possesed at a cabin evil dead
40%
girl is thrown into water by classic monster frankenstein
31%
disabled man has a power tool cut his chest open texas chainsaw massacre
28%
woman is killed offscreen after staring at magic woman who we never see the blair witch project
18%
boys are dismembered by vampire at a swimming pool let the right one in
15%
man is killed by beast after not sticking to path and heeding bar folks warning an american werewolf in london
14%
man is eaten by monster before he can finish his inspirational speech deep blue sea
14%
No matching quizzes found
Score Distribution
Percent of People with Each Score
Percentile by Number Answered
Your Score History
You have not taken this quiz